书目信息 |
| 题名: |
四书五经名句赏析
|
|
| 作者: | 鲍思陶、仝晰纲 主编 | |
| 分册: | ||
| 出版信息: | 武汉 崇文书局 2007.04 |
|
| 页数: | 236页 | |
| 开本: | 20cm | |
| 丛书名: | ||
| 单 册: | ||
| 中图分类: | Z126.1 | |
| 科图分类: | ||
| 主题词: | 丛书--中国 | |
| 电子资源: | ||
| ISBN: | 978-7-5403-1145-2 | |
| 000 | 00510nam0 2200181 45 | |
| 005 | 20081013153735.28 | |
| 010 | @a978-7-5403-1145-2@dCNY19.00 | |
| 092 | @bLR | |
| 102 | @aCN@b420000 | |
| 200 | 1 | @a四书五经名句赏析@f鲍思陶、仝晰纲主编@Fbao si tao、tong xi gang zhu bian |
| 210 | @a武汉@c崇文书局@d2007.04 | |
| 215 | @a236页@d20cm | |
| 606 | 0 | @a丛书@x中国 |
| 690 | @aZ126.1@v4 | |
| 701 | 0 | @a鲍思陶、仝晰纲@Abao si tao、tong xi gang@4主编 |
| 801 | 0 | @c20081013 |
| 905 | @dZ126.1@eB304@f3 | |
| 906 | @cLR@dCNY19.00@n0@r1 | |
| 四书五经名句赏析/鲍思陶、仝晰纲主编.-武汉:崇文书局,2007.04 |
| 236页;20cm |
| ISBN 978-7-5403-1145-2:CNY19.00 |
| ● |
| 相关链接 |
|
|
|
正题名:四书五经名句赏析
索取号:Z126.1/B304
 
预约/预借
| 序号 | 登录号 | 条形码 | 馆藏地/架位号 | 状态 | 备注 |
| 1 | 841695 | 208416953 | 自科库501/501自科库 124排1列5层/ [索取号:Z126.1/B304] | 在馆 |